000 01347nam a22002537a 4500
005 20210325175926.0
008 s2540 th tha d
020 _a9748955494
041 _atha
050 _aDS556.5 ช747ข 2540
100 0 _aเชิดเกียรติ อัตถากร
245 1 0 _aขบวนการคอมมิวนิสต์เวียดนาม
246 _aCommunist Movement in Vietnam
260 3 _aกรุงเทพฯ :
_bสำนักงานกองทุนสนับสนุนการวิจัย, มูลนิธิโครงการตำราสังคมศาสตร์และมนุษยศาสตร์,
_c2540
300 _a163 หน้า :
_b ภาพประกอบ, แผนที่ ;
_c 21 ซม.
650 0 4 _aคอมมิวนิสต์ -- เวียดนาม
650 0 4 _aเวียดนาม -- การเมืองและการปกครอง, ค.ศ. 1925--1945
650 0 4 _aเวียดนาม -- ความสัมพันธ์ระหว่างประเทศ -- ญี่ปุ่น
650 0 4 _aเวียดนาม -- ประวัติศาสตร์
850 _aNALT
942 _cGB
997 _c000000000008038
998 _aSUKUNYA
999 _c8038
_d8038